| 000 | 01023nam a2200229 i 4500 | ||
|---|---|---|---|
| 001 | 181638 | ||
| 003 | ES-MaACL | ||
| 005 | 20250824085120.0 | ||
| 008 | 130226m19621964sp |||| | spa d | ||
| 080 | _a821.134.2-141"15"(082.2) | ||
| 245 | 0 | 0 |
_aCancionero general de la doctrina cristiana / _checho por Juan López de Úbeda, (1579, 1585, 1586) ; lo publica la Sociedad de Bibliófilos Españoles ; con una introducción bibliográfica por Antonio Rodríguez-Moñino. |
| 260 |
_aMadrid : _bSociedad de Bibliófilos Españoles, _c1962-1964. |
||
| 300 |
_a2 v. ; _c26 cm. |
||
| 490 | 1 |
_aSociedad de Bibliófilos Españoles. Tercera época ; _v4-5 |
|
| 650 | 4 |
_aPoesías religiosas españolas- _yS.XVI-XVII. _9152392 |
|
| 700 | 1 |
_aLópez de Úbeda, Juan. _9152393 |
|
| 700 | 1 |
_aRodríguez-Moñino, Antonio. _998681 |
|
| 710 | 2 |
_aSociedad de Bibliófilos Españoles. _96661 |
|
| 830 | 0 | 0 |
_aSociedad de Bibliófilos Españoles. Tercera época _v4-5 _9191518 |
| 852 | 4 |
_aES-MaACL _jJ-7(III-4-5) |
|
| 999 |
_c181638 _d181638 |
||